| 000 | 00367 a2200121 4500 | ||
|---|---|---|---|
| 001 | ART_15820 | ||
| 005 | 20260410161736.0 | ||
| 008 | 260409a | ||
| 245 | 1 | 0 | _aLas nuevas herramientas, los viejos problemas |
| 100 | 1 | _aCravino, Daniel | |
| 700 | 1 | _aD´Onofrio, Rodolfo | |
| 773 | 0 |
_tEjecutivos de finanzas _g- Año 7, Nº 62 (dic. 1989) _wREV2863 |
|
| 999 |
_c18280 _d18280 |
||